000 00533nam a22002177a 4500
003 UA-OsUOA
001 130084
007 ta
008 20180411b un ||||| |||| 00| 0 ukr d
100 _aУндір О.
090 _a908
_bУ58
942 _cSA
040 _aUA-OsUOA
_bukr
_cUA-OsUOA
_dUA-OsUOA
245 _aРік Олеся Гончара: його зоря над Острогом
300 _aС.10
955 _a0
041 _aukr
080 _a908
773 0 _w130082
650 7 _a908 Краєзнавство
_2UDC
999 _c418284
_d418284